| 000 | 00430nab a2200145Ia 4500 | ||
|---|---|---|---|
| 003 | ES-SlBCS | ||
| 005 | 20210601131746.0 | ||
| 008 | 140529s1936 xxu||||| |||| 00| 0 fre d | ||
| 041 | _afre | ||
| 100 | 1 |
_aLefebvre, C. _9188678 |
|
| 245 | 0 | 0 |
_aCauses del'esclavage en Éthiopie _c C. Lefebvre |
| 650 | 0 | 4 |
_aEsclavitud-Etiopía _9188679 |
| 773 | 0 |
_tVie Intelectuelle (La) _gvol. 42, nº. 3, 1936, págs. 462-471 _wRev907 |
|
| 942 | _cAR | ||
| 999 |
_c568317 _d568317 |
||